000 00354nam a2200157Ia 4500
100 _aSyam/D.J
650 _aSupply Chain Management
942 _cBK
366 _f20
654 _asupply chain
245 _aMaterials and supply chain management
260 _bAne Books
_c2014
082 _a658.7
_bSYA
546 _aENGLISH
_cInfo.Tech
999 _c20839
_d20839